| 000 | 00725nam a2200217Ii 4500 | ||
|---|---|---|---|
| 003 | JO-AjNU | ||
| 008 | 230605s9999||||xx |||||||||||||| ||und|| | ||
| 017 | _a2010/1/51 | ||
| 040 |
_aJO-AjNU _bara _erda _cJO-AjNU |
||
| 041 | _aara | ||
| 050 | 1 | 4 | _aHD37.A7.A8388.2011 |
| 100 | 3 |
_aعصفور،محمد شاكر, _eauthor _930292 |
|
| 245 | 0 | 0 | _aاصول التنظيم والاساليب |
| 250 | _aط7مزيدة ومنقحة | ||
| 264 | 3 | 1 | _aعمان:دار المسيرة للنشر والتوزيع،2011 |
| 300 | _a408ص | ||
| 336 |
_atext _btxt _2rdacontent |
||
| 337 |
_aunmediated _bn _2rdamedia |
||
| 338 |
_avolume _bnc _2rdacarrier |
||
| 650 | 4 |
_aالادارة العامة-التخطيط الاداري _930293 |
|
| 999 |
_aA11991 _c15559 _d15559 |
||